000
00476nam a2200133Ia 4500
008
100328s9999 xx 000 0 und d
082
_b
44152
100
_a
मथुरे सुरेश
245
_a
विज्ञानाचे वाटाडे भाग 2
260
_b
अनिरुध्द
630
_a
विज्ञानाचे वाटाडे भाग 2
730
_a
विज्ञानाचे वाटाडे भाग 2
942
_c
BOOK
999
_c
532449
_d
532446